000 00490nam a2200217Ia 4500
003 OSt
005 20221007082210.0
006 a|||||r|||| 00| 0
007 ta
008 221006b |||||||| |||| 00| 0 eng d
024 _a21,028
037 _cTextual
040 _aFLL
_cFLL
_beng
041 _2eng
_aeng
082 _aZ3, A7
100 _aHolmes
_9698894
245 0 _aCommon law
260 _c1887
942 _hZ3, A7
_cTEXL
_2CC
999 _c1165634
_d1165634